Predictive analytics for business strategy : (Record no. 28083)
[ view plain ]
| 000 -LEADER | |
|---|---|
| fixed length control field | 01858cam a22003615i 4500 |
| 001 - CONTROL NUMBER | |
| control field | ocn1039326925 |
| 003 - CONTROL NUMBER IDENTIFIER | |
| control field | EG-ScBUE |
| 005 - DATE AND TIME OF LATEST TRANSACTION | |
| control field | 20200213153811.0 |
| 008 - FIXED-LENGTH DATA ELEMENTS--GENERAL INFORMATION | |
| fixed length control field | 180611t20192019nyua f d 001 0 eng d |
| 020 ## - INTERNATIONAL STANDARD BOOK NUMBER | |
| International Standard Book Number | 1260084647 |
| 020 ## - INTERNATIONAL STANDARD BOOK NUMBER | |
| International Standard Book Number | 9781260084641 |
| 035 ## - SYSTEM CONTROL NUMBER | |
| System control number | (OCoLC)ocn1039326925 |
| 035 ## - SYSTEM CONTROL NUMBER | |
| System control number | (OCoLC)1039326925 |
| 040 ## - CATALOGING SOURCE | |
| Original cataloging agency | YDX |
| Language of cataloging | eng |
| Description conventions | rda |
| Transcribing agency | YDX |
| Modifying agency | OCLCQ |
| -- | EG-ScBUE |
| 082 04 - DEWEY DECIMAL CLASSIFICATION NUMBER | |
| Classification number | 658.4012 |
| Item number | PRI |
| Edition number | 22 |
| 100 1# - MAIN ENTRY--PERSONAL NAME | |
| Personal name | Prince, Jeff, |
| Relator term | author. |
| 245 10 - TITLE STATEMENT | |
| Title | Predictive analytics for business strategy : |
| Remainder of title | reasoning from data to actionable knowledge / |
| Statement of responsibility, etc | Jeff T. Prince, Professor of Business Economics & Public Policy, Harold A. Poling Chair in Strategic Management, Kelley School of Business, Indiana University. |
| 250 ## - EDITION STATEMENT | |
| Edition statement | International student edition. |
| 264 #1 - PUBLICATION, DISTRIBUTION, ETC. (IMPRINT) | |
| Place of publication, distribution, etc | New York : |
| Name of publisher, distributor, etc | McGraw-Hill Education, |
| Date of publication, distribution, etc | [2019] |
| 264 #4 - PUBLICATION, DISTRIBUTION, ETC. (IMPRINT) | |
| Date of publication, distribution, etc | c2019 |
| 300 ## - PHYSICAL DESCRIPTION | |
| Extent | xviii, 348 pages : |
| Other physical details | illustrations ; |
| Dimensions | 24 cm. |
| 336 ## - CONTENT TYPE | |
| Content type term | text |
| Content type code | txt |
| Source | rdacontent |
| 337 ## - MEDIA TYPE | |
| Media type term | unmediated |
| Media type code | n |
| Source | rdamedia |
| 338 ## - CARRIER TYPE | |
| Carrier type term | volume |
| Carrier type code | nc |
| Source | rdacarrier |
| 490 0# - SERIES STATEMENT | |
| Series statement | McGraw-Hill series economics |
| 500 ## - GENERAL NOTE | |
| General note | Includes index. |
| 500 ## - GENERAL NOTE | |
| General note | Includes glossary. |
| 505 0# - FORMATTED CONTENTS NOTE | |
| Formatted contents note | Chapter 1: The Roles of Data and Predictive Analytics in BusinessChapter 2: Reasoning with DataChapter 3: Reasoning from Sample to PopulationChapter 4: The Scientific Method: The Gold Standard for Establishing CausalityChapter 5: Linear Regression as a Fundamental Descriptive ToolChapter 6: Correlation vs. Causality in Regression AnalysisChapter 7: Basic Methods for Establishing Causal InferenceChapter 8: Advances Methods for Establishing Causal InferenceChapter 9: Prediction for a Dichotomous VariableChapter 10: Identification and Data Assessment. |
| 650 #7 - SUBJECT ADDED ENTRY--TOPICAL TERM | |
| Topical term or geographic name as entry element | Quantitative research. |
| Source of heading or term | BUEsh |
| 650 #7 - SUBJECT ADDED ENTRY--TOPICAL TERM | |
| Topical term or geographic name as entry element | Business planning |
| General subdivision | Study and teaching. |
| Source of heading or term | BUEsh |
| 942 ## - ADDED ENTRY ELEMENTS (KOHA) | |
| Source of classification or shelving scheme | Dewey Decimal Classification |
| Koha item type | Book - Borrowing |
| Withdrawn status | Lost status | Source of classification or shelving scheme | Damaged status | Not for loan | Collection code | Home library | Current library | Shelving location | Date acquired | Source of acquisition | Cost, normal purchase price | Serial Enumeration / chronology | Total Checkouts | Full call number | Barcode | Date last seen | Cost, replacement price | Price effective from | Koha item type |
|---|---|---|---|---|---|---|---|---|---|---|---|---|---|---|---|---|---|---|---|
| Dewey Decimal Classification | Alahram | Central Library | Central Library | First floor | 13/02/2020 | Purchase | 739.00 | 488 | 658.4012 PRI | 000048627 | 15/07/2025 | 923.75 | 13/02/2020 | Book - Borrowing |